COD Zombies Quiz - Statistics

General Stats
  • This quiz has been taken 285 times
  • The average score is 7 of 15
Answer Stats
Hint Answer % Correct
How many points does the mystery box cost 950
96%
Prison mob of the dead it set in Alcatraz
84%
How many points to buy the Olympia shotgun 500
83%
Hellhounds first featured in this map Shi No Numa
83%
How much points does electric cherry cost 2000
76%
1.0 character who has not been killed yet Nikolai
64%
Grendade launcher featured in Black Ops zombie maps China lake
58%
To this date how many maps are there in total 23
49%
Wonder weapon that slows zombies Paralyzer
38%
Name of fired blade Ballistic Knife
22%
Mob of the dead Easter egg song Where are we going
21%
Name of the crossbow once pack-a-punched Awful Lawton
15%
Who build the pack-a-punch machine Jebediah
15%
Green run character who wears glasses Marlton Johnson
10%
Year of the great war between humanity and Apothicons 1292
7%
No matching quizzes found
Score Distribution
Percent of People with Each Score
Percentile by Number Answered
Your Score History
You have not taken this quiz